| 000 | 00503nam a2200193Ia 4500 | ||
|---|---|---|---|
| 005 | 20250508164719.0 | ||
| 008 | 008 250505s9999 xx 000 0 hin d | ||
| 037 | _aTextual | ||
| 040 |
_aFEDL _beng _cFEDL |
||
| 041 |
_ahin _2eng |
||
| 084 |
_a523.015, KUZ _qFEDL |
||
| 100 |
_aKuznetsov V. I. _9122737 |
||
| 245 | 0 | _aPrakash (Light) | |
| 260 |
_aMoscow _bMir Prakashan _c1989 |
||
| 300 | _a144p. | ||
| 546 | _aMACESE | ||
| 942 |
_cTEXL _h523.015, KUZ |
||
| 999 |
_c1390712 _d1390712 |
||